Chargement en cours...

Promotion and management of small scale industries

Détails bibliographiques
Auteur principal: Patra, s c
Format: Printed Book
Langue:Undetermined
Publié: New Delhi Discovery Publishing House
LEADER 00550nam a2200145Ia 4500
008 161229s9999 xx 000 0 und d
020 |a 8171411959 
082 |a 658.5 PAT/PR 
100 |a Patra, s c 
245 |a Promotion and management of small scale industries 
260 |b Discovery Publishing House  |a New Delhi 
300 |a 176 
942 |c BK 
999 |c 153511  |d 153511 
952 |0 0  |1 0  |4 0  |6 658_500000000000000_PATPR  |7 0  |9 152582  |a KAUCLV  |b KAUCLV  |d 2016-12-29  |g 225.00  |o 658.5 PAT/PR  |p 904820  |r 2016-12-29  |w 2016-12-29  |y BK  |z Book transferred from CCBM Library ,Acc.No:3623